[Event "RUS-ch Rapid 2021"]
[Site "Sochi"]
[Date "2021.10.12"]
[Round "1.1"]
[White "Artemiev, Vladislav"]
[Black "Muromtsev, Arthur"]
[Result "1-0"]
[WhiteElo "2699"]
[BlackElo "2115"]
[Annotator "TA"]
[PlyCount "53"]
[EventDate "2021.10.12"]
[EventType "swiss"]
[EventCountry "RUS"]
[SourceTitle "playchess.com"]
[Source "ChessBase"]
[SourceQuality "1"]

{[%evp 15,53,9,34,0,101,93,97,97,105,114,112,91,141,141,167,159,157,155,162,
145,183,157,206,202,217,210,260,250,313,279,324,184,194,190,323,294,277,283,
317,265]} 1. d4 Nf6 2. Nf3 c5 3. c4 cxd4 4. Nxd4 e5 5. Nb5 d5 6. cxd5 Bc5 7. e3
O-O 8. N5c3 Qe7 9. Be2 {A31: Symmetrical English: 2 Nf3 Nf6 3 d4.} a6 {[#]} (
9... e4 $11 {remains equal.}) 10. e4 $146 ({Predecessor:} 10. O-O e4 11. Nd2 b5
12. a3 Bf5 13. Nb3 Bd6 14. Nd4 Bd7 15. f3 exf3 16. Bxf3 Qe5 {0-1 (32) Toro
Diaz,F (2285)-Velasquez Ojeda,C (2323) Maipu 2002}) 10... Nbd7 11. O-O {
White is better.} Re8 12. Nd2 {[%cal Bb1d2,Bd2b3,Bb3a5,Ba5c6][%mdl 32]} b5 13.
a3 Nf8 14. Nb3 Bd6 15. Be3 Ng6 16. g3 Bh3 17. Re1 h6 18. Na5 Nh7 19. Bg4 Bxg4
20. Qxg4 Qf6 21. Nc6 Ng5 22. Kg2 Nh7 23. Qf3 (23. Rec1 $142) 23... Qxf3+ 24.
Kxf3 Ngf8 (24... Ne7 {keeps fighting.} 25. Rac1 Rac8) 25. a4 {White has a
decisive advantage.} b4 26. Na2 a5 27. Nc1 {White took control after the
opening.  Weighted Error Value: White=0.12/Black=0.40} 1-0

[Event "RUS-ch Rapid 2021"]
[Site "Sochi"]
[Date "2021.10.12"]
[Round "1.2"]
[White "Parfenov, Viktor N."]
[Black "Grachev, Boris"]
[Result "0-1"]
[WhiteElo "2204"]
[BlackElo "2615"]
[Annotator "TA"]
[PlyCount "76"]
[EventDate "2021.10.12"]
[EventType "swiss"]
[EventCountry "RUS"]
[SourceTitle "playchess.com"]
[Source "ChessBase"]
[SourceQuality "1"]

{[%evp 12,76,29,16,17,19,12,6,6,7,19,1,4,-25,-24,-35,-37,-35,-38,-66,-66,-68,
-60,-85,-60,-97,-45,-25,-21,-31,-51,-45,-34,-202,-207,-194,-190,-361,-360,-350,
-245,-284,-141,-140,-143,-185,-60,-60,-64,-64,-66,-66,-61,-60,-64,-222,-176,
-348,-211,-368,-233,-363,-147,-162,-133,-1031,-906]} 1. e4 c5 2. Nf3 e6 3. g3
Nc6 4. Bg2 Nf6 5. Qe2 d6 6. O-O Be7 7. c3 O-O {C00: French: Unusual White 2nd
moves.} 8. Rd1 d5 9. e5 Nd7 {The position is equal.} 10. d4 b6 $5 {[%mdl 4] A
promising side line.} 11. Bf4 a5 {[#]} 12. a3 $146 ({Predecessor:} 12. h4 Ba6
13. Qe3 b5 14. Nbd2 b4 15. Bf1 Bxf1 16. Nxf1 c4 17. Bg5 a4 18. a3 bxc3 19. bxc3
{1-0 (47) Kalegin,E (2426)-Tuma,J (2272) Prague 2018}) 12... Ba6 13. Qe3 b5 14.
h4 b4 15. Nbd2 bxa3 16. bxa3 Rb8 17. h5 a4 18. c4 {[#]} cxd4 (18... dxc4 $6 19.
d5 $11) (18... Nb6 $1 $17 19. dxc5 Nxc4 20. Nxc4 Bxc4) 19. Nxd4 $15 Nxd4 20.
Qxd4 Bc5 21. Qc3 Qb6 22. cxd5 $2 ({White should play} 22. Qf3 $15) 22... Bxf2+
$19 23. Kh2 Bd4 {[%mdl 64] [#] Skewer} 24. Qf3 (24. Qc6 {is the only way for
White.} Nxe5 25. Bxe5 Bxe5 26. Qxb6 Rxb6 27. Rab1 Rxb1 28. Rxb1) 24... Bxa1 ({
Don't play} 24... Nxe5 25. Bxe5 Bxe5 26. Rab1 $19) ({Less strong is} 24... Bxe5
25. Rab1 $15) 25. Rxa1 exd5 26. h6 Nxe5 27. Qh5 $17 Ng6 28. hxg7 Kxg7 (28...
Rfc8 $19 29. Bxb8 Qxb8 30. Qxd5 Rc2) 29. Qh6+ $15 ({But not} 29. Qg5 $2 Rbe8
$19) 29... Kg8 30. Rb1 $1 {[%cal Rb1b6]} Qa7 {Strongly threatening ...Rxb1.}
31. Bxb8 Rxb8 32. Rxb8+ Qxb8 33. Nf3 $2 (33. Bxd5 $15 Qe5 34. Ne4) 33... Qf8
34. Qg5 (34. Qc1 {keeps fighting.}) 34... Bc4 35. Nh4 $2 (35. Qe3) 35... Qe7
36. Qg4 (36. Qxe7 $142 Nxe7 37. Kg1) 36... Qe6 (36... Qxa3 $19 {has better
winning chances.} 37. Qd7 Qe7 38. Qxa4 Nxh4 39. gxh4 Qxh4+ 40. Kg1 Qe1+ 41. Kh2
Qe5+ 42. Kh1 h5) 37. Nf5 $17 Bd3 38. Ne3 {[%mdl 8192]} (38. Nh6+ $17 Kf8 39.
Qxa4) 38... Qxe3 {Weighted Error Value: White=0.68/Black=0.33} 0-1

[Event "RUS-ch Rapid 2021"]
[Site "Sochi"]
[Date "2021.10.12"]
[Round "1.3"]
[White "Antipov, Mikhail Al."]
[Black "Mikhnenko, Alexander"]
[Result "1-0"]
[WhiteElo "2619"]
[BlackElo "2135"]
[Annotator "TA"]
[PlyCount "49"]
[EventDate "2021.10.12"]
[EventType "swiss"]
[EventCountry "RUS"]
[SourceTitle "playchess.com"]
[Source "ChessBase"]
[SourceQuality "1"]

{[%evp 11,49,20,59,5,0,0,0,-9,18,8,17,14,7,7,18,22,12,0,0,7,46,41,43,50,41,41,
67,60,58,27,46,50,168,169,260,112,764,741,650,635]} 1. e4 c6 2. d4 d5 3. exd5
cxd5 4. Bd3 Nc6 5. c3 Qc7 6. h3 g6 7. Nf3 {B13: Caro-Kann: Exchange Variation
and Panov-Botvinnik Attack.} (7. Ne2 $14) 7... Bf5 $11 8. Be2 $1 {[%mdl 4] is
currently scoring better than 8.0-0.} Nf6 9. O-O {The position is equal.} Bg7
10. Re1 O-O 11. Be3 Rad8 12. Nbd2 Ne4 13. Rc1 Rfe8 {[#]} 14. b4 $146 ({
Predecessor:} 14. Nb3 Qb8 15. Bd3 f6 16. Nh4 Be6 17. Qc2 Nd6 18. f4 f5 19. Nf3
Ne4 20. Ne5 {1/2-1/2 (40) Svane,R (2613)-Fridman,D (2601) Magdeburg 2021})
14... a6 15. a4 Nxd2 16. Qxd2 e5 17. dxe5 Nxe5 18. Bg5 Rd7 19. Nd4 Be6 20. Qf4
Nc4 21. Qh4 Bf8 ({Better is} 21... Qc8 $14) 22. Bg4 $18 {[%cal Rd4e6]} Qd6 (
22... Ne5 {was worth a try.} 23. Re3 Nxg4 24. hxg4 Qc8) 23. Bf6 (23. Rc2 $18)
23... Rc7 $2 {[%mdl 8192] [#]} (23... Bg7 $16) 24. Nf5 $1 {[%mdl 512]} Qf4 {[#]
} 25. Bg5 $1 {Weighted Error Value: White=0.18/Black=0.29} 1-0

[Event "RUS-ch Rapid 2021"]
[Site "Sochi"]
[Date "2021.10.12"]
[Round "1.4"]
[White "Aleksandrov, Danila"]
[Black "Sarana, Alexey"]
[Result "0-1"]
[WhiteElo "2136"]
[BlackElo "2649"]
[Annotator "TA"]
[PlyCount "46"]
[EventDate "2021.10.12"]
[EventType "swiss"]
[EventCountry "RUS"]
[SourceTitle "playchess.com"]
[Source "ChessBase"]
[SourceQuality "1"]

{[%evp 20,46,29,0,12,0,35,30,38,31,36,44,33,35,56,-71,-71,-116,-72,-72,-70,
-102,-64,-116,-113,-130,-104,-1093,-1076]} 1. e4 c5 2. Nf3 d6 3. d4 cxd4 4.
Nxd4 Nf6 5. Nc3 a6 6. Be3 Ng4 7. Bg5 h6 8. Bh4 g5 9. Bg3 Bg7 10. h3 Ne5 11. Nf5
{The main line 11.Nf5 scores better than 11.f3.} Bxf5 {B90: Sicilian Najdorf:
Unusual White 6th moves, 6 Be3 Ng4 and 6 Be3 e5.} 12. exf5 Nbd7 13. Nd5 Nb6 {
White has an edge.} 14. Be2 Rc8 15. c3 Nxd5 16. Qxd5 Qb6 {[#]} 17. O-O $146 (
17. Qb3 $14 {keeps the upper hand.} Qxb3 18. axb3) ({Predecessor:} 17. Qb3 Qxb3
18. axb3 Kd7 19. h4 Bf6 20. O-O-O Rcg8 21. hxg5 hxg5 22. Bh5 Rf8 23. Kc2 Kc7
24. Bxe5 Bxe5 25. Bf3 e6 26. Bg4 {1/2-1/2 (26) Mamedov,N (2392)-Shanava,K 
(2256) Baku 2001}) 17... Qxb2 $17 {[%mdl 64] [#] Double Attack} 18. Bh5 O-O ({
Reject} 18... Qxc3 $6 19. Bxe5 Qxe5 20. Qxf7+ Kd8 21. Rac1 $11) 19. Rab1 Qxc3
20. Rxb7 Bf6 21. Rfb1 (21. Bxe5 $15 dxe5 22. Bf3) 21... Qd3 22. Qa5 Qxf5 {
...Nf3+! is the strong threat.} 23. Bg4 {[%mdl 8192] [#]} (23. Qxa6 $17 Rc5 24.
Qa4) 23... Nf3+ $1 {[%mdl 576] Discovered Attack.  Weighted Error Value:
White=0.95/Black=0.16} 0-1

[Event "RUS-ch Rapid 2021"]
[Site "Sochi"]
[Date "2021.10.12"]
[Round "1.5"]
[White "Lysyj, Igor"]
[Black "Esipenko, Aleksandr"]
[Result "1-0"]
[WhiteElo "2603"]
[BlackElo "2087"]
[Annotator "TA"]
[PlyCount "67"]
[EventDate "2021.10.12"]
[EventType "swiss"]
[EventCountry "RUS"]
[SourceTitle "playchess.com"]
[Source "ChessBase"]
[SourceQuality "1"]

{[%evp 11,67,12,17,22,39,33,38,48,37,0,2,2,57,46,189,180,308,299,286,290,311,
264,267,265,254,249,270,270,255,254,265,262,264,252,272,273,286,255,302,287,
472,473,702,670,763,763,761,748,960,941,941,928,29990,29991,29991,29991,29995,
29996]} 1. d4 d5 2. c4 e6 3. Nf3 Nf6 4. g3 b6 5. cxd5 exd5 6. Bg2 Bb7 7. Nc3 {
E16: Queen's Indian: 4 g3 Bb7 5 Bg2 Bb4+.} Bd6 8. Qa4+ $5 {[%mdl 4] A
promising side line.} c6 9. O-O {White is slightly better.} O-O {[#]} 10. Ne5
$146 ({Predecessor:} 10. Bg5 Nbd7 11. e4 dxe4 12. Nxe4 Be7 13. Bxf6 Nxf6 14.
Ne5 b5 15. Qd1 Nxe4 16. Bxe4 {1-0 (30) Grabarczyk,M (2482)-Winski,L (2004)
Grodzisk Mazowiecki 2007}) 10... Re8 11. Bf4 Qe7 ({Black should play} 11... Nh5
$11) 12. Rfe1 $14 Nfd7 {A mistake that costs the game.} (12... b5 $14 13. Qb3
Na6) 13. e4 $18 Bxe5 (13... dxe4 $142 14. Nxe4 (14. Bxe4 Bxe5 15. dxe5 Na6 $14)
14... Nxe5) 14. exd5 ({Less strong is} 14. dxe5 Nc5 $14) 14... b5 15. Qb3 a6
16. dxe5 {[#] e6 is the strong threat.} Nc5 17. Qc2 {Threatens to win with b4.}
cxd5 18. Nxd5 Bxd5 19. Bxd5 Ra7 20. Rad1 Nbd7 21. Be3 Rc7 22. f4 Nb6 23. Bg2
Nc4 24. Bc1 Ne6 {If only Black now had time for ...Ne3....} 25. Qf2 Rd8 $2 (
25... Nf8 26. b3 Na3) 26. b3 Na3 (26... Nxe5 $142 27. Rxd8+ Qxd8) 27. f5 Rxd1
28. Rxd1 Nf8 29. f6 Qb4 30. fxg7 Ne6 31. Bh3 {[#] White wants to mate with
Bxe6.} Re7 32. Bh6 {White mates.} Nxg7 33. Bxg7 Kxg7 34. Qf6+ {[%mdl 64]
Double Attack.  Weighted Error Value: White=0.03/Black=0.64} 1-0

[Event "RUS-ch Rapid 2021"]
[Site "Sochi"]
[Date "2021.10.12"]
[Round "1.6"]
[White "Safin, Timur"]
[Black "Riazantsev, Alexander"]
[Result "0-1"]
[WhiteElo "2170"]
[BlackElo "2634"]
[Annotator "TA"]
[PlyCount "72"]
[EventDate "2021.10.12"]
[EventType "swiss"]
[EventCountry "RUS"]
[SourceTitle "playchess.com"]
[Source "ChessBase"]
[SourceQuality "1"]

{[%evp 10,72,19,19,55,57,61,22,33,21,34,9,42,0,28,13,27,0,0,-7,-3,-13,6,-39,
-21,-58,-53,-124,-112,-107,-70,-87,-70,-56,-70,-112,-118,-183,-204,-214,-199,
-202,-207,-205,-33,-49,-52,-78,-47,-334,-281,-284,-138,-123,-128,-138,-139,
-144,-137,-291,-292,-272,-272,-1195,-1109]} 1. Nf3 d5 2. g3 Nc6 3. d4 Bf5 4.
Bg2 Nb4 5. Na3 e6 6. O-O c6 {D02: 1 d4 d5 2 Nf3 sidelines, including 2...Nf6 3
g3 and 2...Nf6 3 Bf4.} 7. c3 Na6 8. Nc2 h6 {The position is equal.} 9. Re1 Nf6
10. Nd2 Be7 {[#]} 11. f3 $146 (11. e4 $5 {[%cal Re4f5]} Bg6 12. b3 $11) ({
Predecessor:} 11. e4 dxe4 12. Nxe4 Nxe4 13. Bxe4 Bxe4 14. Rxe4 Qd5 15. Re5 Qd7
16. Qg4 Bf6 17. Re2 {0-1 (93) Karjakin,S (2773)-Duda,J (2737) Chess.com INT
2018}) 11... O-O 12. e4 Bh7 13. e5 Nd7 14. b4 Nc7 15. Nb3 b6 {[%cal Bb7b6,
Bb6a5,Ba5a4][%mdl 32]} 16. Be3 a5 17. bxa5 bxa5 18. f4 (18. a4 $15) 18... a4
19. Nd2 Nb5 20. c4 Nc3 21. Qc1 c5 22. Na3 Qa5 23. Nf3 (23. cxd5 $17 Nxd5 24.
Nac4) 23... Rac8 $19 24. Bd2 cxd4 25. Nxd4 Bb4 26. Re3 {[%cal Rd2c3] [#]} Ne4 (
26... Qc5 $1 $19 27. Kh1 Bxa3 28. Qxc3 Nb6 29. Qxa3 (29. Nb5 $2 Bb2 $19) 29...
Qxd4 {[%mdl 64] Double Attack}) 27. Bxb4 $15 Qxb4 28. Rb1 Qc5 29. Rb7 $2 {
[%mdl 8192]} Qxd4 30. Rxd7 Nc5 (30... Qc5 $19 31. Rb7 dxc4) 31. Nb5 $17 Qxc4
32. Qxc4 dxc4 33. Rd4 Nd3 $36 {[%mdl 2048] Threatens to win with ...c3. Black
is really pushing.} 34. Nd6 $2 {[#]} (34. Bf1 $17) 34... c3 $1 $19 {[%cal
Rc3c2] White must now prevent ...c2!} 35. Nxc8 ({But not} 35. Rdxd3 $2 Bxd3 36.
Re1 c2 $19) 35... Rxc8 36. Rdxd3 $2 (36. Re2 g5 37. Rc2 Nxe5 38. Rxc3 Rxc3 39.
fxe5) 36... Bxd3 {Weighted Error Value: White=0.53/Black=0.25} 0-1

[Event "RUS-ch Rapid 2021"]
[Site "Sochi"]
[Date "2021.10.12"]
[Round "1.7"]
[White "Dreev, Aleksey"]
[Black "Rudakov, Sergey S."]
[Result "1-0"]
[WhiteElo "2635"]
[BlackElo "1969"]
[Annotator "TA"]
[PlyCount "133"]
[EventDate "2021.10.12"]
[EventType "swiss"]
[EventCountry "RUS"]
[SourceTitle "playchess.com"]
[Source "ChessBase"]
[SourceQuality "1"]

{[%evp 16,133,39,28,32,23,33,38,64,39,24,20,83,49,55,47,49,43,52,45,49,43,52,
53,59,47,49,47,58,47,72,64,79,64,71,44,53,32,42,38,50,32,55,45,145,145,145,151,
172,168,172,166,161,137,162,126,109,114,114,71,84,85,72,58,58,61,95,97,140,125,
130,111,141,108,104,0,104,42,45,40,25,-7,33,0,99,2,81,81,178,114,165,165,165,
164,326,173,301,300,301,301,281,283,420,393,813,814,765,738,914,914,876,869,
5539,5531,4995,4814,2495,2192,6029,5152]} 1. d4 d5 2. c4 c6 3. Nf3 Nf6 4. g3 g6
5. Bg2 Bg7 6. Qb3 dxc4 7. Qxc4 O-O 8. O-O Nbd7 {8...b5 is a critical line.} 9.
Nc3 Nb6 {D78: Fianchetto Grünfeld: 6 0-0 c6.} 10. Qb3 Bg4 11. Rd1 Nfd5 {
[#] White is slightly better.} 12. Ne4 $146 ({Predecessor:} 12. Nxd5 Qxd5 13.
Qxd5 cxd5 14. b3 Rfc8 15. h3 Bf5 16. Ba3 Bf6 17. Rac1 Be4 18. e3 e6 19. g4 Rxc1
20. Rxc1 Rc8 {1/2-1/2 (20) Czikuss,H (1972)-Boxberger,A (1392) Frankfurt 2009})
12... Qc8 13. Nc5 Be6 (13... Nd7 $11) 14. Bd2 Nc7 15. Nxe6 Qxe6 16. Qxe6 Nxe6
17. Bb4 Rfe8 18. Rac1 Rad8 {[%cal Re6d4]} 19. e3 Nc7 20. Ba5 e6 21. b3 Bf8 22.
Ne5 f6 23. Nc4 Nca8 24. h4 Rd7 25. Nd2 Nd5 26. Ne4 Rf7 27. Be1 Nab6 28. Nc5 {
And now e4 would win.} Bxc5 29. dxc5 Nc8 (29... Nd7 $14) 30. e4 $16 Nc7 31. Bf1
Kg7 32. Bc4 Rfe7 33. Bc3 e5 34. b4 Ne6 35. Rd2 b6 36. cxb6 (36. f3 {feels
hotter.} bxc5 37. Bxe6 Rxe6 38. bxc5 R6e7 39. Rb1) 36... axb6 37. Rcd1 c5 38.
Bxe6 Rxe6 39. bxc5 bxc5 40. a4 Ra6 41. a5 Ne7 42. Rd7 Kf7 43. Rb7 Ke6 44. Kg2
h5 45. Rdd7 (45. f4 $16) 45... Nc6 (45... Nc8 $1 $11) 46. Rg7 ({White should
play} 46. Rd5 $1 $16) 46... Re7 $14 47. Rbxe7+ Nxe7 {[%mdl 4096] Endgame
KRB-KRN} 48. f4 Ra8 49. Kf2 Rb8 (49... exf4 $11 50. gxf4 f5) 50. Ke2 ({Better
is} 50. fxe5 $16 fxe5 51. Bxe5 $1 {[%mdl 512]} Kxe5 52. Rxe7+ Kd6 53. Rg7)
50... c4 (50... exf4 $1 $11 51. gxf4 Rd8) 51. Kd2 {Black is on the road to
losing.} Ra8 {[#]} (51... Rb3 $16) 52. Kc2 (52. fxe5 $1 $18 fxe5 53. Bb4) 52...
Rb8 (52... Ra6 $16 {keeps fighting.} 53. Kb2 exf4 54. gxf4 Ra8) 53. fxe5 $18
fxe5 {[#]} 54. Bxe5 $1 {[%mdl 512]} Rf8 $2 (54... Kxe5 {was necessary.} 55.
Rxe7+ Kd4) 55. Bf4 (55. Bd4 $142 {Threatens to win with Rxe7+!} Ra8 56. Bc5)
55... Ra8 (55... Kf6 {was called for.} 56. Rh7 Nc6) 56. Bg5 Nc6 57. Rxg6+ Kd7
58. Bd2 Re8 (58... Nxa5 $142 59. Bf4 Nb7) 59. a6 {[%cal Ba5a6,Ba6a7][%mdl 32]}
Kc7 $2 (59... Ra8 60. Bf4 Rxa6) 60. Bf4+ {White is clearly winning.} Kb6 61.
Be3+ Kb5 62. a7 Ra8 63. Rg7 Rd8 64. Rb7+ Ka4 65. Bc5 Re8 66. Kc3 Rc8 67. Rb1 {
Weighted Error Value: White=0.20/Black=0.35} 1-0

[Event "RUS-ch Rapid 2021"]
[Site "Sochi"]
[Date "2021.10.12"]
[Round "1.8"]
[White "Mochalov, Dmitriy"]
[Black "Sjugirov, Sanan"]
[Result "0-1"]
[WhiteElo "1798"]
[BlackElo "2663"]
[Annotator "TA"]
[PlyCount "102"]
[EventDate "2021.10.12"]
[EventType "swiss"]
[EventCountry "RUS"]
[SourceTitle "playchess.com"]
[Source "ChessBase"]
[SourceQuality "1"]

{[%evp 21,102,-33,-20,-55,-56,-74,-66,-71,-55,-60,-74,-93,-81,-87,-74,-91,-84,
-97,-43,-58,-32,-76,-47,-53,-58,-158,-157,-172,-170,-228,-195,-177,-45,-153,
-166,-257,-263,-242,-182,-178,-180,-154,-134,-137,-145,-152,-151,-217,-185,
-178,-163,-119,-115,-147,-120,-147,-152,-222,-92,-210,-205,-234,-216,-216,-222,
-242,-195,-229,-221,-219,-210,-389,-389,-337,-302,-505,-505,-398,-397,-731,
-649,-717,-705]} 1. e4 c5 2. Nf3 Nc6 3. d4 cxd4 4. Nxd4 Nf6 5. Nc3 d6 6. Be2 e5
7. Nb3 Be7 8. O-O Be6 9. Be3 O-O 10. f3 a5 11. a4 Nb4 12. Kh1 {B59: Classical
Sicilian: 6 Be2 e5 7 Nb3.} Rc8 13. Rc1 d5 14. exd5 {Black is slightly better.}
Nfxd5 15. Nxd5 Nxd5 16. Bf2 Qc7 {[#]} 17. Qd2 $146 ({Predecessor:} 17. Bb5 Bg5
18. Rb1 Rfd8 19. Qe1 Nb4 20. c4 Bf5 21. Nc5 Nd3 22. Nxd3 Bxd3 23. c5 {0-1 (30)
Salazar,A (2500)-Borges,G (2228) Barquisimeto 2001}) 17... Nb4 18. c4 h6 19.
Bg3 Nc6 (19... Bf5 $17 {And now ...Rfe8 would win.} 20. Qe3 Bf6) 20. f4 $15 Qb6
21. f5 {[#]} Bxf5 22. Rxf5 {Hoping for Qc2.} Qxb3 23. Rcf1 (23. Bxe5 $15 Bb4
24. Bc3) 23... Rcd8 $17 (23... Qxa4 24. Bxe5 Nxe5 25. Rxe5 $17) 24. Qc1 Bg5 ({
Resist} 24... Qxa4 25. Bxe5 Nxe5 26. Rxe5 $15) 25. Qe1 (25. Qb1 $142) 25...
Qxb2 26. Bf3 Bd2 (26... Qc2 $19 27. Bxc6 bxc6 28. Qxe5 Qxc4 29. Qxa5 Rd5) 27.
Qf2 (27. Bxe5 $15 Qc2 28. Qg3 Nxe5 29. Qxe5) 27... Bc3 28. Qe3 (28. Bd5 $142
Qxf2 29. R5xf2) 28... Nd4 $19 29. Rxe5 Nxf3 30. Rb5 Qc2 31. Qxf3 Bb4 32. Rxb7
Qxc4 33. h3 Rd3 34. Qf4 (34. Qe2 $17 {was called for.}) 34... Qd5 35. Rb5 Qc6 {
Strongly threatening ...Bd6.} 36. Qg4 Qd7 $40 {[%mdl 128] Black is out for
blood.} 37. Rbf5 Rd4 38. Qf3 {[#]} f6 $1 ({Inferior is} 38... Qxa4 39. Be5 $16)
39. Rb5 (39. Qb3+ $17 Kh8 40. R5f3) 39... Rd8 (39... Rd3 $19 {and Black stays
clearly on top.} 40. Qf4 Rc8) 40. Rb7 {[#]} (40. Be1 $17) 40... Qd5 $1 41.
Qxd5+ R8xd5 ({Much less strong is} 41... R4xd5 42. Rb8) 42. Kh2 Rd2 43. Rc1 Rg5
44. h4 Rg4 45. Kh3 h5 {aiming for ...Rd3.} 46. Bb8 $2 (46. Rf1) 46... Rdxg2 47.
Rb5 Rd2 48. Rc8+ $2 (48. Rxh5 Rgd4 49. Rc8+ Kf7 50. Rb5) 48... Kf7 49. Rxh5 Re4
{Threatens to win with ...Re3+.} 50. Bg3 $2 (50. Kg3) 50... Rd3 51. Kg2 Rg4 {
Weighted Error Value: White=0.47/Black=0.19} 0-1

[Event "RUS-ch Rapid 2021"]
[Site "Sochi"]
[Date "2021.10.12"]
[Round "1.9"]
[White "Alekseev, Evgeny"]
[Black "Mochalin, Faddey"]
[Result "1-0"]
[WhiteElo "2602"]
[BlackElo "2076"]
[Annotator "TA"]
[PlyCount "63"]
[EventDate "2021.10.12"]
[EventType "swiss"]
[EventCountry "RUS"]
[SourceTitle "playchess.com"]
[Source "ChessBase"]
[SourceQuality "1"]

{[%evp 10,63,0,-7,0,0,0,0,0,0,0,0,0,0,77,70,315,305,292,306,304,323,391,264,
324,307,310,308,354,370,1658,1568,1773,614,591,542,537,534,517,523,476,413,462,
453,520,507,525,464,527,382,650,594,915,910,906,865]} 1. e4 e6 2. d4 d5 3. Bd3
dxe4 4. Bxe4 Nf6 5. Bf3 c5 6. Ne2 Nc6 {C01: French: Exchange Variation.} 7. Be3
cxd4 8. Nxd4 Ne5 {The position is equal.} 9. Nc3 a6 10. Qe2 Nxf3+ 11. Qxf3 {[#]
} Bb4 $146 {[#]} (11... e5 $11 {keeps the balance.} 12. Nb3 Qc7) ({Predecessor:
} 11... e5 12. Nf5 Qa5 13. O-O-O e4 14. Nxg7+ Bxg7 15. Nxe4 Nxe4 16. Qxe4+ Qe5
17. Qxe5+ Bxe5 {0-1 (52) Ibarra Jerez,J (2561)-Fridman,D (2601) chess.com INT
2020}) 12. O-O-O $1 $40 {[%mdl 128] White is up to no good.} Bxc3 $2 {[#]} (
12... Bd7 $14) 13. Nc6 $1 $18 {[%csl Gc6][%cal Rd1d8][%mdl 512]} Qc7 14. Rd8+
Qxd8 15. Nxd8 O-O 16. Rd1 Be5 {and the idea ...Nd5 leaves Black hopeful.} 17.
Bc5 ({Stronger than} 17. Nxb7 Bxb7 18. Qxb7 Rab8 $11) 17... Re8 18. g4 ({
And not} 18. Nxb7 Bxb7 19. Qxb7 Rab8 $11) 18... h6 19. h4 ({Weaker is} 19. Nxb7
Bxb7 20. Qxb7 Rab8 $11) 19... g5 $2 (19... Bd7) 20. hxg5 hxg5 21. Be3 (21. Qh3
$142 Nxg4 22. Qxg4 Bf4+ 23. Kb1) 21... Bd7 {[#]} 22. Rxd7 {[%mdl 512]} Raxd8
23. Rxd8 Rxd8 24. Bxg5 Kg7 25. c3 Rd7 26. Kc2 Nd5 27. Qe4 Bd6 28. Bd2 Nf6 29.
Qe2 Bc5 $2 (29... Nd5 30. Qe4 Be7) 30. f4 {White is clearly winning.} Rd5 31.
c4 Rd7 32. g5 {Black did not feel at home in the position after the opening. 
Weighted Error Value: White=0.41/Black=0.60} 1-0